5 Largest Cities for Random 5 Letter - Statistics

General Stats
  • This quiz has been taken 4,460 times
  • The average score is 9 of 25
Answer Stats
Letter Population City % Correct
J 30.6 mil Jakarta
86%
S 35.9 mil Shanghai
82%
G 45.6 mil Guangzhou
79%
O 17.7 mil Osaka
79%
T 40.2 mil Tokyo
79%
X 6.80 mil Xi'an
77%
B 20.0 mil Beijing
75%
M 25.2 mil Manila
74%
W 8.40 mil Washington D.C.
71%
N 22.4 mil New York City
70%
D 28.4 mil Delhi
68%
L 18.8 mil Lagos
67%
U 1.39 mil Ulaanbaatar
67%
C 18.2 mil Cairo
65%
P 11.4 mil Paris
64%
L 14.7 mil London
63%
M 22.8 mil Mexico City
63%
Q 2.68 mil Quito
62%
S 22.2 mil São Paulo
62%
L 17.8 mil Los Angeles
61%
H 8.30 mil Ho Chi Minh City
59%
X 9.90 mil Xiamen
59%
I 15.8 mil Istanbul
58%
M 24.7 mil Mumbai
58%
W 2.30 mil Warsaw
58%
M 17.2 mil Moscow
57%
W 8.10 mil Wuhan
54%
C 9.75 mil Chicago
52%
K 12.0 mil Kinshasa
51%
R 13.1 mil Rio de Janeiro
50%
S 24.7 mil Seoul
50%
K 17.3 mil Karachi
49%
T 15.0 mil Tehran
49%
A 8.00 mil Ahmedabad
48%
B 18.4 mil Bangkok
48%
D 18.8 mil Dhaka
48%
H 6.35 mil Houston
48%
E 0.97 mil Edmonton
46%
J 13.7 mil Johannesburg
46%
R 3.58 mil Rome
46%
F 3.28 mil Frankfurt
45%
B 11.5 mil Bangalore
44%
R 7.75 mil Riyadh
43%
S 7.85 mil San Francisco
43%
V 2.25 mil Vienna
43%
B 9.65 mil Bogotá
42%
B 16.1 mil Buenos Aires
42%
C 10.7 mil Chennai
42%
H 9.20 mil Hyderabad
42%
L 9.90 mil Lima
42%
N 5.95 mil Nairobi
42%
N 6.70 mil Nanjing
42%
T 7.35 mil Toronto
41%
A 5.70 mil Atlanta
40%
P 7.35 mil Philadelphia
40%
T 13.2 mil Tianjin
40%
L 12.6 mil Lahore
39%
C 9.30 mil Chengdu
38%
O 3.38 mil Orlando
38%
Q 5.95 mil Qingdao
38%
V 2.75 mil Vancouver
38%
K 16.6 mil Kolkata
37%
T 9.10 mil Taipei
37%
U 3.98 mil Ürümqi
37%
H 8.45 mil Hangzhou
36%
J 3.85 mil Jaipur
35%
K 8.70 mil Kuala Lumpur
35%
Y 3.30 mil Yaoundé
35%
C 7.80 mil Chongqing
34%
N 10.5 mil Nagoya
34%
Y 5.50 mil Yangon
34%
D 6.90 mil Dallas
33%
H 7.30 mil Hong Kong
33%
M 6.45 mil Madrid
33%
Z 5.35 mil Zhengzhou
33%
Z 1.41 mil Zurich
33%
D 5.90 mil Dar es Salaam
32%
D 5.70 mil Detroit
32%
A 5.85 mil Alexandria
31%
F 4.25 mil Fuzhou
31%
O 2.53 mil Ouagadougou
30%
P 6.70 mil Pune
28%
E 0.81 mil El Paso
27%
I 3.03 mil Izmir
26%
K 6.15 mil Khartoum
26%
I 3.48 mil Ibadan
25%
F 3.58 mil Faisalabad
24%
P 4.58 mil Phoenix
24%
G 3.15 mil Guatemala City
23%
G 5.25 mil Guadalajara
22%
A 5.35 mil Abidjan
21%
I 3.15 mil Isfahan
20%
J 4.78 mil Jeddah
20%
A 5.30 mil Amman
19%
F 3.65 mil Fortaleza
19%
N 4.23 mil Naples
19%
F 2.73 mil Fukuoka
18%
R 3.35 mil Rawalpindi
18%
O 1.45 mil Oran
17%
S 7.90 mil Shenyang
17%
Y 1.65 mil Yekaterinburg
17%
E 7.31 mil Essen
16%
V 2.00 mil Valencia
16%
I 3.08 mil Indore
13%
J 4.25 mil Jinan
13%
P 4.10 mil Porto Alegre
13%
E 1.07 mil Erbil
12%
G 3.20 mil Guiyang
12%
Q 1.26 mil Qom
12%
X 2.83 mil Xuzhou
12%
Z 3.45 mil Zibo
12%
W 5.95 mil Wenzhou
11%
G 3.13 mil Guayaquil
10%
U 1.13 mil Ufa
10%
Y 1.89 mil Yangzhou
10%
R 3.83 mil Recife
9%
Q 1.40 mil Querétaro
8%
O 2.20 mil Okayama
6%
U 1.11 mil Ulsan
5%
V 2.18 mil Vadodara
5%
Y 2.15 mil Yantai
5%
W 1.61 mil Weifang
4%
X 2.18 mil Xinxiang
4%
Z 1.61 mil Zhuhai
4%
X 1.82 mil Xiangyang
3%
E 0.80 mil Enugu
2%
Q 1.26 mil Qinhuangdao
2%
Z 1.33 mil Zhangjiakou
2%
V 2.15 mil Vishakhapatnam
1%
U 0.98 mil Ulanqab
0%
No matching quizzes found
Score Distribution
Percent of People with Each Score
Percentile by Number Answered
Your Score History
You have not taken this quiz